000
00296nam a2200109 4500
999
_c
11323
_d
11323
008
181116b ||||| |||| 00| 0 eng d
245
_a
Organic fertilizer for the farmers.
260
_a
Davao City
_b
Sun Star Davao
_c
c2017
300
_a
page 10.
650
0
_9
32563
_a
Fertilizers.
942
_2
ddc
_c
PER